|
|
|
|
| LEADER |
00648nam a2200205Ia 4500 |
| 008 |
240830s9999 xx 000 0 und d |
| 040 |
|
|
|a B-ESTELÍ- RUACS / 333.714 L579
|
| 041 |
|
|
|a spa
|
| 082 |
|
|
|a 333.714 L579
|
| 100 |
1 |
|
|a León Peláez, Juan Diego
|
| 245 |
1 |
0 |
|a Evaluación del impacto ambiental de proyectos de desarrollo
|
| 260 |
|
|
|a [s.l.]
|b [s.e.]
|c [s.f.]
|
| 300 |
|
|
|a 169 p.
|
| 650 |
7 |
|
|a EVALUACION IMPACTO AMBIENTAL - GUIA METODOLOGICA
|
| 650 |
7 |
|
|b EVALUACION IMPACTO AMBIENTAL - PROYECTOS
|
| 650 |
7 |
|
|c PLAN DE ORDENAMIENTO TERRITORIAL
|
| 650 |
7 |
|
|d MEDIO AMBIENTE - NORMATIVAS.
|
| 942 |
|
|
|c BK
|2 ddc
|
| 991 |
|
|
|a TEXTO
|
| 999 |
|
|
|c 10756
|